000 003600000a22001090004500
090 _aAS
_bSeriadas
245 1 0 _aNueva especie de Dendrosida (<Malvaceae>) de Colombia
041 0 _aEspaƱol
100 1 _aFuertes, Javier
_99342
942 _cARTICULO
773 1 _tRevista de la Academia Colombiana de Ciencias Exactas, Fisicas y Naturales
_332
_h65
_q375-378
_d1989
_g17
999 _c14132
_d14132